| 000 | 00000nam##2200000za#4500 |
| 001 | 9.576450 |
| 003 | CaOODSP |
| 005 | 20210624185138 |
| 007 | cr ||||||||||| |
| 008 | 150406|1983||||xxc|||||o f|0| 0 eng|d |
| 040 | |aCaOODSP|beng |
| 043 | |an-cn--- |
| 086 | 1 |aFs97-13/417E-PDF |
| 110 | 1 |aCanada. |bDepartment of Fisheries and Oceans. |
| 245 | 12|aA summary of lingcod tagging studies conducted in 1978 by the Pacific Biological Station / |h[electronic resource]|cby A.J. Cass ...[et al.]. |
| 260 | |aNanaimo - British Columbia : |bFisheries and Oceans Canada |c1983. |
| 300 | |a290p.|breferences, tables |
| 490 | 1 |aCanadian data report of fisheries and aquatic sciences|vNo. 417 |
| 500 | |aOn t.p.: Pacific Biological Station, Nanaimo, British Columbia. Catalogue number of the print edition appears in the PDF version. |
| 546 | |a(Résumé en français) |
| 590 | |a13-13-Supp|b2013-05-21 |
| 720 | 1 |aCass, A. J. |
| 830 | #0|aCanadian data report of fisheries and aquatic sciences ;|vNo. 417|w(CaOODSP)9.505124 |
| 856 | 40|ahttp://publications.gc.ca|qPDF|s3071 KB|uhttps://publications.gc.ca/collections/collection_2013/mpo-dfo/Fs97-13-417-eng.pdf|yNo. 417 |